| 000 | 00654nam a2200205 u 4500 | ||
|---|---|---|---|
| 005 | 20241011063822.0 | ||
| 008 | 140825s2004 br r 000 0 spa d | ||
| 020 | _a8524910461 | ||
| 035 | _aUPN01000199112 | ||
| 049 | _aI | ||
| 050 | 4 |
_aPZ69 _bP7.2 |
|
| 100 | 1 |
_aProminska, Elzbieta, _d1941-1998 _936398 |
|
| 245 | 1 | 4 |
_aLas aventuras de Paulina en el Nilo / _cElzbieta Prominska ; il. Denise Grudzien ; tr. Patricia Siqueiros. |
| 260 |
_aSao Paulo, Br. : _bCortez, _cc2004. |
||
| 300 |
_a96 p. : _bil. col |
||
| 650 | 4 |
_aCUENTOS INFANTILES POLACOS _913051 |
|
| 651 | 0 |
_aEgipto _vLiteratura infantil _912984 |
|
| 905 | _aInfantil | ||
| 999 |
_c171213 _d171213 |
||